[Event "6tth ch-EUR IBCA 2015"]
[Site "Lyon FRA"]
[Date "2015.07.28"]
[Round "4.16"]
[White "Clemente Llamero, Roberto"]
[Black "Nedu, Razvan"]
[Result "1-0"]
[WhiteElo "2076"]
[BlackElo "1551"]
[WhiteFideId "2257696"]
[BlackFideId "1246119"]
[EventDate "2015.07.25"]

1. e4 c5 2. Nf3 d6 3. d4 cxd4 4. Nxd4 Nf6 5. Nc3 a6 6. g3 g6 7. Bg2 Bg7 8. O-O
O-O 9. h3 Nbd7 10. a4 Qc7 11. Nb3 Rb8 12. Be3 b6 13. f4 Bb7 14. g4 Nc5 15. Nd2
Rfd8 16. Qe2 d5 17. exd5 Nxd5 18. Nxd5 Bxd5 19. Bxd5 Rxd5 20. c3 a5 21. Qc4 Qd6
22. Ne4 Nxe4 23. Qxe4 e6 24. Rae1 b5 25. axb5 Rdxb5 26. Bc1 h5 27. Re2 Qb6+ 28.
Qe3 Qxe3+ 29. Rxe3 Rd8 30. Kf2 Bf8 31. Ke2 Bc5 32. Rd3 Bb6 33. Rxd8+ Bxd8 34.
Rd1 Rd5 35. Rxd5 exd5 36. Kd3 hxg4 37. hxg4 Bf6 38. Be3 Kf8 39. b3 Ke7 40. Bb6
Kd6 41. Bxa5 Bh4 42. Bb6 f5 43. g5 Kc6 44. Bd4 Bg3 45. Ke3 Be1 46. Ke2 Bg3 47.
Be3 Kb5 48. Bd2 Kc6 49. Kf3 Bh4 50. Ke3 Bg3 51. Kd4 Kd6 52. c4 dxc4 53. Kxc4 Bf2
54. Bc3 Be3 55. Be5+ Kc6 56. b4 Bd2 57. b5+ Kd7 58. b6 Kc6 59. b7 Kxb7 60. Kd5
Ba5 61. Ke6 Bc7 62. Bxc7 Kxc7 63. Kf6 1-0

[Event "6tth ch-EUR IBCA 2015"]
[Site "Lyon FRA"]
[Date "2015.07.28"]
[Round "4.18"]
[White "Klimis, Laertis"]
[Black "Siret, Bernard"]
[Result "1-0"]
[WhiteElo "1864"]
[BlackElo "1698"]
[WhiteFideId "4206983"]
[BlackFideId "20618948"]
[EventDate "2015.07.25"]

1. d4 d5 2. Nf3 Nf6 3. Bf4 e6 4. e3 Bd6 5. Ne5 Nbd7 6. Nd2 c5 7. c3 a6 8. Nxf7
Kxf7 9. Bxd6 Qb6 10. dxc5 Qxb2 11. Qc1 Qxc1+ 12. Rxc1 Ne8 13. Bg3 Nxc5 14. c4
Nd7 15. cxd5 exd5 16. Nf3 Ndf6 17. Bd3 Bd7 18. O-O g6 19. Ne5+ Ke6 20. Nf3 Bc6
21. Nd4+ Kd7 22. Rfd1 Rf8 23. e4 dxe4 24. Nxc6 exd3 25. Rxd3+ Ke6 26. Nd8+ Ke7
27. Re1+ 1-0

[Event "6tth ch-EUR IBCA 2015"]
[Site "Lyon FRA"]
[Date "2015.07.28"]
[Round "4.19"]
[White "Kasimov, Rustam"]
[Black "Steinhart, Matthias"]
[Result "1-0"]
[WhiteElo "2196"]
[BlackElo "1768"]
[WhiteFideId "4194071"]
[BlackFideId "24615340"]
[EventDate "2015.07.25"]

1. d4 d5 2. Nc3 Bf5 3. f3 Nf6 4. Bg5 Nbd7 5. Nxd5 Nxd5 6. e4 h6 7. Bh4 Ne3 8.
Qd3 Nxf1 9. exf5 Nxh2 10. Rxh2 c6 11. O-O-O Qc7 12. Rh1 O-O-O 13. Ne2 Nf6 14. g4
Re8 15. Bg3 Qd7 16. Qa3 b6 17. Nf4 Qb7 18. Qb3 e6 19. fxe6 Bd6 20. exf7 Bxf4+
21. Bxf4 Re7 22. f8=Q+ Rxf8 23. Bd6 Rfe8 24. Bxe7 Qxe7 1-0

[Event "6tth ch-EUR IBCA 2015"]
[Site "Lyon FRA"]
[Date "2015.07.28"]
[Round "4.20"]
[White "Schmeisser, Andre"]
[Black "Bindzus, Ernst"]
[Result "1/2-1/2"]
[WhiteElo "1740"]
[BlackElo "1890"]
[WhiteFideId "634107"]
[BlackFideId "1411950"]
[EventDate "2015.07.25"]

1. e4 c5 2. Nc3 a6 3. a4 Nc6 4. g4 d6 5. h3 g6 6. d3 Bg7 7. Bg2 e6 8. Be3 Bd7 9.
Nge2 Nge7 10. Ng3 Qc7 11. Qd2 Nd4 12. f4 f5 13. gxf5 exf5 14. exf5 Ndxf5 15.
Nxf5 Bxf5 16. O-O-O O-O 17. Nd5 Nxd5 18. Bxd5+ Kh8 19. h4 Qd7 20. b3 Rab8 21. h5
b5 22. hxg6 Bxg6 23. axb5 axb5 24. Qg2 Bf5 25. Rh5 Bc3 26. Rdh1 Qa7 27. Kd1 1/2-1/2

[Event "6tth ch-EUR IBCA 2015"]
[Site "Lyon FRA"]
[Date "2015.07.28"]
[Round "4.21"]
[White "Platon, Constantin"]
[Black "Wikman, Bengt"]
[Result "0-1"]
[WhiteElo "1701"]
[BlackElo "1886"]
[WhiteFideId "13904264"]
[BlackFideId "503681"]
[EventDate "2015.07.25"]

1. e4 c5 2. Nf3 d6 3. d4 cxd4 4. Nxd4 Nf6 5. Nc3 g6 6. Bg5 Bg7 7. Qd2 a6 8. Bh6
Bxh6 9. Qxh6 b5 10. a3 Qb6 11. Qd2 Bb7 12. Qe3 Nbd7 13. Bd3 Ne5 14. Nf5 Qc7 15.
Ng3 Nc4 16. Bxc4 Qxc4 17. f3 O-O 18. Rd1 Rac8 19. h4 h5 20. Qg5 Kh7 21. Nge2 Rc5
22. Qe3 Rc7 23. Nf4 Rfc8 24. Rg1 Qc5 25. Qxc5 Rxc5 26. Rd2 Rc4 27. Kd1 b4 28.
axb4 Rxb4 29. b3 Rxc3 0-1

[Event "6tth ch-EUR IBCA 2015"]
[Site "Lyon FRA"]
[Date "2015.07.28"]
[Round "4.22"]
[White "Deville, Olivier"]
[Black "Murgia, Stefano"]
[Result "1-0"]
[WhiteElo "1868"]
[BlackElo "1705"]
[WhiteFideId "624160"]
[BlackFideId "876011"]
[EventDate "2015.07.25"]

1. d4 f5 2. g3 Nf6 3. Bg2 g6 4. c3 Bg7 5. Qb3 c6 6. Nh3 d5 7. Nd2 Ng4 8. Nf3 Nd7
9. Nf4 Ndf6 10. Ng5 Qd6 11. Nd3 h6 12. Bf4 Qd8 13. Nf3 g5 14. Be5 O-O 15. h4
Nxe5 16. Nfxe5 g4 17. f3 Qc7 18. O-O-O a5 19. Nf4 b5 20. Ned3 b4 21. c4 a4 22.
Qxb4 dxc4 23. Qxc4+ Kh7 24. Nc5 Qb6 25. Nfe6 Bxe6 26. Qxe6 Nd5 27. Nd7 Qb4 28.
Nxf8+ Rxf8 29. e3 Rf6 30. Qd7 Nc3 31. Rd3 Nxa2+ 32. Kb1 Qc4 33. Rhd1 Nb4 34. Bf1
Qa2+ 35. Kc1 Nxd3+ 36. Bxd3 c5 37. Bxf5+ Kg8 38. dxc5 1-0

[Event "6tth ch-EUR IBCA 2015"]
[Site "Lyon FRA"]
[Date "2015.07.28"]
[Round "4.23"]
[White "Cizman, Gregor"]
[Black "Morariu, Ionel"]
[Result "0-1"]
[WhiteElo "1618"]
[BlackElo "1863"]
[WhiteFideId "14605660"]
[BlackFideId "1220713"]
[EventDate "2015.07.25"]

1. d4 f5 2. e4 fxe4 3. Nc3 Nf6 4. Bg5 c6 5. Bxf6 exf6 6. Nxe4 d5 7. Ng3 Qb6 8.
Qe2+ Kf7 9. c3 Ba3 10. Qc2 Qxb2 0-1

[Event "6tth ch-EUR IBCA 2015"]
[Site "Lyon FRA"]
[Date "2015.07.28"]
[Round "4.24"]
[White "Martinez Colomar, Alejandro"]
[Black "Drazetic, Novica"]
[Result "1/2-1/2"]
[WhiteElo "1853"]
[BlackElo "1613"]
[WhiteFideId "32031491"]
[BlackFideId "14529483"]
[EventDate "2015.07.25"]

1. c4 e6 2. g3 d5 3. Bg2 c6 4. Qc2 Nf6 5. Nf3 Bd6 6. O-O O-O 7. b3 Nbd7 8. d4 e5
9. dxe5 Nxe5 10. Bb2 Nxf3+ 11. exf3 dxc4 12. Qxc4 Re8 13. Nc3 Be6 14. Qd3 Be5
15. Qc2 Nd5 16. Rad1 Bxc3 17. Bxc3 Qd7 18. Rd4 Qe7 19. Rh4 h6 20. Bb2 Rad8 21.
Qc1 Qg5 22. f4 Qg6 23. Bf3 Ne7 24. Re1 Nd5 25. Re5 Nf6 26. h3 Bd5 27. Bxd5 Rxd5
28. Rxd5 cxd5 29. Qd1 Qe4 30. Bxf6 gxf6 31. Qh5 Qe1+ 32. Kg2 Qe4+ 33. Qf3 Kg7
34. f5 Qxf3+ 35. Kxf3 Re7 36. Rd4 Re5 37. g4 Kf8 38. Rd3 Ke7 39. Kg3 Kd6 40. f4
Re4 41. Kf3 Kc5 42. a3 a5 43. h4 b5 44. Rd2 a4 45. Rd3 axb3 46. Rxb3 Re8 47. Re3
Ra8 48. Rd3 d4 49. Ke2 Kc4 50. Kd2 b4 51. g5 fxg5 52. hxg5 hxg5 53. fxg5 Rxa3
54. Rxa3 bxa3 55. g6 a2 56. gxf7 a1=Q 57. f8=Q Qb2+ 58. Ke1 1/2-1/2

[Event "6tth ch-EUR IBCA 2015"]
[Site "Lyon FRA"]
[Date "2015.07.28"]
[Round "4.25"]
[White "Eichstaedt, Mirko"]
[Black "Draghici Flutur, Gavril"]
[Result "0-1"]
[WhiteElo "1997"]
[BlackElo "2125"]
[WhiteFideId "24692310"]
[BlackFideId "1206508"]
[EventDate "2015.07.25"]

1. d4 Nf6 2. c4 g6 3. g3 Bg7 4. Bg2 O-O 5. Nf3 d6 6. O-O a6 7. Nc3 Nc6 8. h3 Rb8
9. Qc2 Bd7 10. a3 e5 11. Rd1 Qc8 12. Kh2 Bf5 13. e4 exd4 14. Nxd4 Nxd4 15. Rxd4
Be6 16. Ne2 Nd7 17. Rd1 Ne5 18. f4 Nc6 19. Be3 Na5 20. Ba7 Ra8 21. Bd4 Bxd4 22.
Rxd4 b5 23. b3 bxc4 24. bxc4 Rb8 25. Nc1 c5 26. Rxd6 Nxc4 27. Rxe6 Qxe6 28. Nd3
Ne3 29. Qf2 Nxg2 30. Nxc5 Qc4 31. Ra2 Ne3 32. Nd7 Rb1 33. Nxf8 Nf1+ 34. Kg2
Qxe4+ 35. Qf3 Ne3+ 0-1

[Event "6tth ch-EUR IBCA 2015"]
[Site "Lyon FRA"]
[Date "2015.07.28"]
[Round "4.26"]
[White "Megelas, Florent"]
[Black "Lapadatu, Teodor"]
[Result "1/2-1/2"]
[WhiteElo "1504"]
[BlackElo "1846"]
[WhiteFideId "642797"]
[BlackFideId "1212508"]
[EventDate "2015.07.25"]

1. e4 e6 2. d4 d5 3. exd5 exd5 4. Nf3 Nf6 5. Bd3 Bd6 6. Bg5 h6 7. Bxf6 Qxf6 8.
O-O O-O 9. Re1 Bg4 10. Nbd2 b6 11. Be2 Nd7 12. c3 Rfe8 13. Ne5 Bxe2 14. Rxe2
Bxe5 15. dxe5 Nxe5 16. Re3 c6 17. h3 Re7 18. Qc2 Rae8 19. Rae1 Ng6 20. Rxe7 Rxe7
21. Rxe7 Qxe7 22. Nf3 1/2-1/2

[Event "6tth ch-EUR IBCA 2015"]
[Site "Lyon FRA"]
[Date "2015.07.28"]
[Round "4.27"]
[White "Prpic, Milan"]
[Black "Bremer, Erik"]
[Result "1-0"]
[WhiteElo "1839"]
[BlackElo "1475"]
[WhiteFideId "14521270"]
[BlackFideId "1411578"]
[EventDate "2015.07.25"]

1. d4 Nf6 2. c4 e6 3. a3 d5 4. Nc3 Be7 5. Nf3 c6 6. e3 O-O 7. Bd3 Nbd7 8. O-O
dxc4 9. Bxc4 b5 10. Bd3 Bb7 11. Bd2 a6 12. b4 Qc7 13. Qb3 Rad8 14. Rfc1 c5 15.
Be2 c4 16. Qc2 e5 17. a4 Bd6 18. h3 Nd5 19. Nxd5 Bxd5 20. e4 Bb7 21. axb5 axb5
22. Ra5 exd4 23. Nxd4 Be5 24. Nxb5 Qb6 25. Bxc4 Rc8 26. Qd3 Nf6 27. Bd5 Rxc1+
28. Bxc1 Rd8 29. Be3 Qe6 30. Nd4 Bxd4 31. Qxd4 Nxd5 32. exd5 Bxd5 33. Qb6 Qc8
34. Rc5 Qa8 35. Ra5 Qc8 36. Bc5 Bc4 37. Ra1 h6 38. Rc1 Be2 39. Be3 Qa8 40. Qc5
Bh5 41. Qxh5 1-0

[Event "6tth ch-EUR IBCA 2015"]
[Site "Lyon FRA"]
[Date "2015.07.28"]
[Round "4.28"]
[White "Dietsche, Birgit"]
[Black "Dalschaert, Didier"]
[Result "0-1"]
[WhiteElo "1487"]
[BlackElo "1836"]
[WhiteFideId "4637488"]
[BlackFideId "214019"]
[EventDate "2015.07.25"]

1. d4 d5 2. Bf4 e6 3. e3 Bd6 4. Bxd6 Qxd6 5. Nd2 Nf6 6. Ngf3 O-O 7. Bd3 c5 8. c3
Nc6 9. O-O b6 10. Re1 Bb7 11. e4 dxe4 12. Nxe4 Nxe4 13. Bxe4 g6 14. Rc1 Rfd8 15.
Qb3 Rac8 16. dxc5 Qxc5 17. Ng5 Qxg5 0-1

[Event "6tth ch-EUR IBCA 2015"]
[Site "Lyon FRA"]
[Date "2015.07.28"]
[Round "4.29"]
[White "Antonic, Nenad"]
[Black "Holmela, Kari"]
[Result "0-1"]
[WhiteElo "1450"]
[BlackElo "1871"]
[WhiteFideId "20601506"]
[BlackFideId "505528"]
[EventDate "2015.07.25"]

1. d4 Nf6 2. Nf3 g6 3. e3 Bg7 4. c3 O-O 5. Bd3 d5 6. Nbd2 Nbd7 7. O-O c5 8. Re1
Qc7 9. e4 dxe4 10. Nxe4 c4 11. Bc2 b6 12. Nxf6+ Nxf6 13. Be3 Bb7 14. Bg5 e6 15.
Bxf6 Bxf6 16. Be4 Bd5 17. Bxd5 exd5 18. Ne5 Rfe8 19. f4 Bg7 20. Qf3 Qd6 21. Re2
f6 22. Ng4 Rxe2 23. Qxe2 h5 24. Nf2 b5 25. a3 f5 26. Re1 Kf7 27. Nh3 Bf6 28. Nf2
a5 29. h3 b4 30. g4 hxg4 31. hxg4 Qxf4 32. gxf5 Rg8 0-1

[Event "6tth ch-EUR IBCA 2015"]
[Site "Lyon FRA"]
[Date "2015.07.29"]
[Round "5.1"]
[White "Babarykin, Stanislav"]
[Black "Dimic, Pavle"]
[Result "1-0"]
[WhiteTitle "FM"]
[BlackTitle "FM"]
[WhiteElo "2357"]
[BlackElo "2305"]
[WhiteFideId "4101898"]
[BlackFideId "937428"]
[EventDate "2015.07.25"]

1. d4 Nf6 2. c4 g6 3. Nc3 Bg7 4. e4 d6 5. Nf3 O-O 6. h3 e5 7. d5 Na6 8. Bg5 Qe8
9. g4 Kh8 10. Rg1 Ng8 11. Be3 f5 12. gxf5 gxf5 13. exf5 Bxf5 14. Nh4 Bd7 15. Bd3
Nc5 16. Ng6+ hxg6 17. Bxg6 Nd3+ 18. Qxd3 Qd8 19. Ne4 Bh6 20. Ng5 Qe7 21. O-O-O
Rf6 22. Be4 Be8 23. Rg2 Bh5 24. Rdg1 Qd7 25. Ne6 Re8 26. Bxh6 Nxh6 27. Ng7 1-0

[Event "6tth ch-EUR IBCA 2015"]
[Site "Lyon FRA"]
[Date "2015.07.29"]
[Round "5.2"]
[White "Meshkov, Yuri A."]
[Black "Tazbir, Marcin"]
[Result "1/2-1/2"]
[WhiteTitle "IM"]
[BlackTitle "GM"]
[WhiteElo "2349"]
[BlackElo "2516"]
[WhiteFideId "4107101"]
[BlackFideId "1122452"]
[EventDate "2015.07.25"]

1. Nf3 d5 2. c4 e6 3. g3 Nf6 4. Bg2 d4 5. b4 c5 6. Qa4+ Bd7 7. Qb3 Nc6 8. b5 Na5
9. Qc2 Bd6 10. d3 O-O 11. Nbd2 e5 12. O-O h6 13. Nb3 Nxb3 14. axb3 a5 15. bxa6
Rxa6 16. Rxa6 bxa6 17. Bd2 Bc8 1/2-1/2

[Event "6tth ch-EUR IBCA 2015"]
[Site "Lyon FRA"]
[Date "2015.07.29"]
[Round "5.3"]
[White "Ross, Chris N"]
[Black "Pakhomov, Alexey"]
[Result "1-0"]
[WhiteTitle "CM"]
[BlackTitle "IM"]
[WhiteElo "2184"]
[BlackElo "2346"]
[WhiteFideId "410411"]
[BlackFideId "4129016"]
[EventDate "2015.07.25"]

1. e4 Nf6 2. e5 Nd5 3. d4 d6 4. c4 Nb6 5. exd6 exd6 6. Nc3 Be7 7. Bd3 Nc6 8.
Nge2 Bg4 9. Be3 Bf6 10. h3 Bh5 11. Qd2 Bg6 12. b3 Bxd3 13. Qxd3 O-O 14. O-O Re8
15. Rfe1 Bg5 16. Nf4 Bxf4 17. Bxf4 Qf6 18. Be3 Nb4 19. Qd2 c6 20. Re2 Qg6 21.
Rae1 Nc2 22. Qxc2 Qh5 23. Bf4 Red8 24. Re7 Nd7 25. Qe2 1-0

[Event "6tth ch-EUR IBCA 2015"]
[Site "Lyon FRA"]
[Date "2015.07.29"]
[Round "5.4"]
[White "Wassin, Sergej"]
[Black "Nizam, Rasim"]
[Result "1/2-1/2"]
[WhiteTitle "FM"]
[BlackTitle "IM"]
[WhiteElo "2298"]
[BlackElo "2180"]
[WhiteFideId "14103494"]
[BlackFideId "2906708"]
[EventDate "2015.07.25"]

1. d4 Nf6 2. c4 e6 3. g3 Bb4+ 4. Bd2 Qe7 5. Bg2 Nc6 6. e3 d5 7. Ne2 Bxd2+ 8.
Nxd2 O-O 9. O-O Rd8 10. Qc2 e5 11. dxe5 Nxe5 12. cxd5 Nxd5 13. a3 c6 14. Nd4 c5
15. N4f3 Nxf3+ 16. Nxf3 b6 17. Rad1 Bb7 18. Qf5 Nf6 19. Qe5 1/2-1/2

[Event "6tth ch-EUR IBCA 2015"]
[Site "Lyon FRA"]
[Date "2015.07.29"]
[Round "5.5"]
[White "Draghici Flutur, Gavril"]
[Black "Grigorchuk, Sergey"]
[Result "1/2-1/2"]
[BlackTitle "CM"]
[WhiteElo "2125"]
[BlackElo "2295"]
[WhiteFideId "1206508"]
[BlackFideId "14114879"]
[EventDate "2015.07.25"]

1. e4 e6 2. d4 d5 3. Nc3 Bb4 4. Qd3 Ne7 5. Ne2 O-O 6. a3 Bxc3+ 7. Nxc3 Nbc6 8.
e5 Nf5 9. Ne2 f6 10. Bf4 Bd7 11. O-O-O Be8 12. Qd2 1/2-1/2

[Event "6tth ch-EUR IBCA 2015"]
[Site "Lyon FRA"]
[Date "2015.07.29"]
[Round "5.6"]
[White "Mueller, Oliver"]
[Black "Komissarov, Alexey"]
[Result "1/2-1/2"]
[WhiteTitle "FM"]
[WhiteElo "2269"]
[BlackElo "2191"]
[WhiteFideId "4633385"]
[BlackFideId "4176545"]
[EventDate "2015.07.25"]

1. d4 Nf6 2. c4 g6 3. g3 Bg7 4. Bg2 O-O 5. Nc3 Nc6 6. Nf3 a6 7. O-O Rb8 8. e4 d6
9. h3 b5 10. e5 Ne8 11. cxb5 axb5 12. Bf4 h6 13. g4 g5 14. Bg3 Bd7 15. Re1 b4
16. Nd5 e6 17. Ne3 Rb5 18. Bf1 Ra5 19. a3 dxe5 20. Nc4 Rd5 21. Ncxe5 Nxd4 22.
Nxd4 c5 23. Qc2 cxd4 24. axb4 Nd6 25. Bg2 d3 26. Nxd3 Rd4 27. Be5 Rc4 28. Qe2
Bb5 29. Bxg7 Kxg7 30. Qe5+ Qf6 31. Red1 Rd8 32. Ra5 Qxe5 33. Nxe5 Rxb4 34. Bc6
Nb7 35. Rxd8 Nxa5 36. Rb8 Nxc6 37. Nxc6 Rxb2 38. Nd4 Rb1+ 39. Kh2 Bd3 40. Rxb1
Bxb1 41. Kg3 e5 42. Nf3 f6 43. h4 Be4 44. hxg5 hxg5 45. Nd2 Bd5 46. f3 Kf7 47.
Kf2 Ke7 48. Ke3 Kd6 49. Nf1 Ke7 1/2-1/2

[Event "6tth ch-EUR IBCA 2015"]
[Site "Lyon FRA"]
[Date "2015.07.29"]
[Round "5.7"]
[White "Stachanczyk, Jacek"]
[Black "Mlacnik, Franc"]
[Result "1-0"]
[WhiteTitle "FM"]
[WhiteElo "2259"]
[BlackElo "2048"]
[WhiteFideId "1116657"]
[BlackFideId "14601923"]
[EventDate "2015.07.25"]

1. e4 c5 2. Nf3 Nc6 3. d4 cxd4 4. Nxd4 Nf6 5. Nc3 e5 6. Ndb5 d6 7. Bg5 a6 8. Na3
Be6 9. Bxf6 gxf6 10. Nc4 Rc8 11. Bd3 Rg8 12. O-O Nb4 13. Ne3 Bh6 14. Ncd5 Bxd5
15. Nxd5 Nxd5 16. exd5 Ke7 17. Qf3 Rg5 18. Qh3 Qf8 19. Rae1 Rg8 20. f4 Qg7 21.
Rf3 Rc5 22. Rg3 1-0

[Event "6tth ch-EUR IBCA 2015"]
[Site "Lyon FRA"]
[Date "2015.07.29"]
[Round "5.8"]
[White "Dukaczewski, Piotr"]
[Black "Jandric, Damjan"]
[Result "1-0"]
[WhiteTitle "IM"]
[BlackTitle "CM"]
[WhiteElo "2237"]
[BlackElo "2122"]
[WhiteFideId "1103520"]
[BlackFideId "921475"]
[EventDate "2015.07.25"]

1. g3 Nf6 2. Bg2 g6 3. e4 d6 4. d4 Bg7 5. Ne2 O-O 6. O-O e5 7. h3 c6 8. Be3 d5
9. dxe5 Nxe4 10. f3 Ng5 11. Qd2 Ne6 12. f4 f6 13. exf6 Qxf6 14. c3 Nd7 15. g4
Nb6 16. Na3 Nc7 17. Ng3 Bd7 18. f5 gxf5 19. Nxf5 Bxf5 20. Rxf5 Qe6 21. Raf1 Nd7
22. Nc2 Rxf5 23. Rxf5 Re8 24. Qf2 a6 25. Bf4 Nb5 26. Rg5 h6 27. Rh5 Rf8 28. Qg3
Qg6 29. Ne3 d4 30. Nf5 Rxf5 31. Rxf5 dxc3 32. bxc3 Nxc3 33. Qd3 Qe6 34. Kh2 Nf8
35. Qd8 Ne2 36. Bd6 Kh7 37. Qe7 Qxe7 38. Bxe7 Ng6 39. Bd6 Ne5 40. Be4 1-0

[Event "6tth ch-EUR IBCA 2015"]
[Site "Lyon FRA"]
[Date "2015.07.29"]
[Round "5.9"]
[White "Pribeanu, Mihail-Dacian"]
[Black "Zsiltzova-Lisenko, Lubov"]
[Result "1/2-1/2"]
[WhiteTitle "FM"]
[BlackTitle "WIM"]
[WhiteElo "2120"]
[BlackElo "2224"]
[WhiteFideId "1209094"]
[BlackFideId "14101360"]
[EventDate "2015.07.25"]

1. e4 c5 2. Nc3 Nc6 3. d3 g6 4. g3 Bg7 5. Bg2 d6 6. f4 e6 7. Nf3 Nge7 8. O-O O-O
9. Be3 Nd4 10. Rb1 Bd7 11. Ne2 Nec6 12. c3 Nxe2+ 13. Qxe2 b6 14. d4 cxd4 15.
cxd4 Rc8 16. Qd2 Na5 17. b3 Bb5 18. Rfc1 Qd7 19. d5 exd5 20. exd5 Rxc1+ 21. Rxc1
Rc8 22. Nd4 Rxc1+ 23. Qxc1 Bd3 24. Nc6 Qc7 25. Bf2 Bf5 26. b4 Nb7 27. Qe3 Qd7
28. h4 Nd8 29. Nb8 Qc8 30. Nc6 Qd7 31. a4 Bf6 32. a5 bxa5 33. bxa5 a6 34. Qe2
Qc8 35. Kh2 Kg7 36. Ne7 Qa8 37. Nxf5+ gxf5 38. Qc2 Qb7 39. Qxf5 Qb4 40. Qg4+ Kf8
41. Bb6 Qb5 42. Qh5 Kg7 43. Qg4+ Kf8 44. Qf3 Nb7 45. Bf1 Qb4 46. Bxa6 Nxa5 47.
Bxa5 Qxa5 48. Bd3 h6 49. Qe4 Qc3 50. Qf5 Ke7 51. Be4 Bd4 52. Bg2 Bf2 53. Qe4+ 1/2-1/2

[Event "6tth ch-EUR IBCA 2015"]
[Site "Lyon FRA"]
[Date "2015.07.29"]
[Round "5.10"]
[White "Fernandez Manrique, Agustin"]
[Black "Mueller, Thorsten"]
[Result "1/2-1/2"]
[WhiteElo "2183"]
[BlackElo "2133"]
[WhiteFideId "2231000"]
[BlackFideId "4653319"]
[EventDate "2015.07.25"]

1. Nf3 Nf6 2. c4 c6 3. g3 d5 4. Bg2 Bf5 5. cxd5 cxd5 6. Qb3 Nc6 7. d3 e5 8. O-O
Na5 9. Qa4+ Bd7 10. Qh4 Bd6 11. b4 Nc6 12. b5 Na5 13. Bb2 Qe7 14. a4 b6 15. Qg5
h6 16. Qe3 Ng4 17. Qd2 Nf6 18. Qe3 Ng4 19. Qd2 Nf6 20. Qe3 1/2-1/2

[Event "6tth ch-EUR IBCA 2015"]
[Site "Lyon FRA"]
[Date "2015.07.29"]
[Round "5.11"]
[White "Cajzler, Hinko"]
[Black "Clemente Llamero, Roberto"]
[Result "0-1"]
[WhiteElo "2135"]
[BlackElo "2076"]
[WhiteFideId "14501376"]
[BlackFideId "2257696"]
[EventDate "2015.07.25"]

1. c4 e6 2. Nc3 d5 3. d4 Nf6 4. Bg5 Be7 5. e3 O-O 6. Rc1 h6 7. Bf4 c6 8. cxd5
Nxd5 9. Nxd5 cxd5 10. a3 Nc6 11. Nf3 Qb6 12. Rb1 Bd7 13. Bd3 Rfc8 14. h4 Bf8 15.
h5 Nd8 16. Qe2 a6 17. Ne5 Bb5 18. O-O Bxd3 19. Qxd3 Nc6 20. b4 Nxe5 21. Bxe5 Qb5
22. Qd1 Qc4 23. Qc1 Qd3 24. Qb2 Rc2 25. Qa1 Rac8 26. Rbc1 R8c4 27. Rxc2 Qxc2 28.
Qd1 Qxd1 29. Rxd1 f6 30. Bb8 Kf7 31. Ba7 Bd6 32. Bc5 Bc7 33. b5 b6 34. Bb4 axb5
35. Bd2 Bd6 36. Bc1 Rc2 37. g4 f5 38. gxf5 exf5 39. Kg2 Kf6 40. Kf3 g6 41. hxg6
Kxg6 42. Rg1+ Kh7 43. Rh1 Kg6 44. Rg1+ Kf7 45. Rh1 h5 46. Kg2 Rc8 47. Rd1 h4 48.
Rf1 Be7 49. Kf3 Rc2 50. Rh1 Ra2 51. Rd1 Bd6 52. Rh1 Ra1 53. Kg2 h3+ 54. Rxh3
Rxc1 55. Rh7+ Ke6 0-1

[Event "6tth ch-EUR IBCA 2015"]
[Site "Lyon FRA"]
[Date "2015.07.29"]
[Round "5.12"]
[White "Znuderl, Matej"]
[Black "Riegler, Dieter"]
[Result "1/2-1/2"]
[WhiteElo "2000"]
[BlackElo "2095"]
[WhiteFideId "14604337"]
[BlackFideId "4606426"]
[EventDate "2015.07.25"]

1. e4 c5 2. Nf3 d6 3. d4 cxd4 4. Qxd4 Nc6 5. Qe3 Nf6 6. h3 g6 7. Be2 Bg7 8. O-O
O-O 9. Rd1 Qc7 10. c4 a6 11. Nc3 Rb8 12. Bd2 Na5 13. b3 b6 14. Rac1 Re8 15. Nd4
Nc6 16. Nd5 Qb7 17. Nxc6 Qxc6 18. Bc3 Nxd5 19. cxd5 Qb7 20. Bxg7 Kxg7 21. Qc3+
f6 22. Qc7 Kf7 23. Rd2 Qxc7 24. Rxc7 Rd8 25. Rdc2 Ke8 26. f4 b5 27. Kf2 Bd7 28.
Ke3 Rdc8 29. Kd4 Rxc7 30. Rxc7 Rc8 31. Rxc8+ Bxc8 32. b4 Kf7 33. a3 Kg7 34. h4
h6 35. g3 Bd7 36. a4 Kf8 37. e5 Kg7 38. Bd3 h5 39. Be2 f5 1/2-1/2

[Event "6tth ch-EUR IBCA 2015"]
[Site "Lyon FRA"]
[Date "2015.07.29"]
[Round "5.13"]
[White "Spinu, Evgeny"]
[Black "Hilton, Stephen H"]
[Result "1-0"]
[WhiteTitle "FM"]
[WhiteElo "2210"]
[BlackElo "1880"]
[WhiteFideId "13902784"]
[BlackFideId "415030"]
[EventDate "2015.07.25"]

1. e4 e6 2. d4 d5 3. e5 Qd7 4. Nf3 b6 5. c3 Ne7 6. Bd3 Ba6 7. O-O c5 8. Qe2 Bxd3
9. Qxd3 Nbc6 10. a3 Rc8 11. Bf4 Ng6 12. Be3 Be7 13. b4 c4 14. Qc2 h6 15. g3 Nf8
16. h4 Nh7 17. Nbd2 O-O 18. Nh2 f5 19. exf6 Nxf6 20. f4 Qe8 21. Rae1 Bd6 22. Bf2
Qd7 23. Re2 Rce8 24. Kg2 Nh5 25. Be3 Qc7 26. Ref2 Ne7 27. Rf3 Nf5 28. Bf2 Nhxg3
29. Bxg3 Nxg3 30. Rxg3 Bxf4 31. Rh3 Bxh2 32. Rxh2 Rf4 33. Qg6 Ref8 34. Qxe6+ Kh8
35. Rhh1 Rxf1 36. Rxf1 Rxf1 37. Nxf1 Qf4 38. Qxd5 Qxh4 39. Ng3 Qf4 40. Qa8+ 1-0

[Event "6tth ch-EUR IBCA 2015"]
[Site "Lyon FRA"]
[Date "2015.07.29"]
[Round "5.14"]
[White "Morariu, Ionel"]
[Black "Kasimov, Rustam"]
[Result "1/2-1/2"]
[WhiteElo "1863"]
[BlackElo "2196"]
[WhiteFideId "1220713"]
[BlackFideId "4194071"]
[EventDate "2015.07.25"]

1. d4 Nf6 2. c4 e6 3. Nf3 d5 4. g3 Be7 5. Bg2 O-O 6. O-O b6 7. Nc3 Bb7 8. b3 c5
9. cxd5 exd5 10. dxc5 bxc5 11. e3 Nbd7 12. Bb2 Qb6 13. Na4 Qe6 14. Rc1 Ne4 15.
Nc3 f5 16. Bh3 Rad8 17. Nxe4 dxe4 18. Nd2 Ne5 19. Bxe5 Qxe5 20. Qc2 g5 21. Rfd1
f4 22. Nc4 Qf6 23. Rxd8 Rxd8 24. Rd1 Bd5 25. Qb2 Kg7 26. Qxf6+ Kxf6 27. exf4
gxf4 28. gxf4 Bxc4 29. Rxd8 Bxd8 30. bxc4 Bc7 31. Kg2 Bxf4 32. Bd7 Ke5 33. h3
Kd4 34. Bb5 h6 35. Kf1 Kd3 36. Ba6 Bd2 37. Bb7 Ba5 38. Ba6 Bb4 39. a4 Bc3 40.
Kg2 Be5 41. Kf1 Bd4 42. Ke1 Kc3 43. Ke2 Kb4 44. Bb5 Ka5 45. Bc6 Kb4 46. Bb5 a5 1/2-1/2